000 00417nam a22001697a 4500
005 20180417113415.0
008 160513b xxu||||| |||| 00| 0 eng d
020 _a978-81-272-5704-0
041 _aeng
082 _b1802
_a346.07
100 _aGarg K.C & Sareen V.K.
_9535
245 _aMercentile Law
260 _aNew Delhi
_bKalyani Repblication
_c2010
300 _a260
650 _aManagement
_9241
942 _cBK
999 _c693
_d693